Administración financiera (Registro nro. 1421)

Detalles MARC
000 -LEADER
fixed length control field 01334 a2200301 4500
001 - CONTROL NUMBER
control field 25797
005 - DATE AND TIME OF LATEST TRANSACTION
control field 20260407155541.0
008 - FIXED-LENGTH DATA ELEMENTS--GENERAL INFORMATION
fixed length control field 260407a1991 arg spa d
003 - CONTROL NUMBER IDENTIFIER
control field AR-UNSa-BCEJYS
040 ## - CATALOGING SOURCE
Original cataloging agency AR-UNSa-BCEJYS
Language of cataloging spa
Transcribing agency AR-UNSa-BCEJYS
080 ## - UNIVERSAL DECIMAL CLASSIFICATION NUMBER
Universal Decimal Classification number 658.15
Common auxiliary subdivision Administración financiera privada. Gestión financiera de empresas<br/>
100 1# - MAIN ENTRY--PERSONAL NAME
Personal name Basagaña, Eduardo J.
245 10 - TITLE STATEMENT
Title Administración financiera
Name of part/section of a work segunda parte
250 ## - EDITION STATEMENT
Edition statement 2a. ed.
264 #1 - PRODUCTION, PUBLICATION, DISTRIBUTION, MANUFACTURE, AND COPYRIGHT NOTICE
Place of production, publication, distribution, manufacture Buenos Aires :
Name of producer, publisher, distributor, manufacturer Ediciones Macchi
Date of production, publication, distribution, manufacture, or copyright notice 1991
300 ## - PHYSICAL DESCRIPTION
Extent 312 p.
Dimensions 22 cm.
505 ## - FORMATTED CONTENTS NOTE
Formatted contents note 5. Decisiones de inversión - 2. Administración del capital de trabajo - 3. Administración de los activos corrientes - 4. Estructura de financiamiento - 5. Financiación de la empresa - 6. Financiamiento a mediano plazo - 7. Financiamiento a largo plazo - 8. Sistemas especiales de financiamiento
590 ## - LOCAL NOTE (RLIN)
Local note niveau_biblio:m niveau_hierar:0
700 1# - ADDED ENTRY--PERSONAL NAME
Personal name Gonzalez Dosil, Roberto
700 1# - ADDED ENTRY--PERSONAL NAME
Personal name Fernandez, Heriberto Horacio
700 1# - ADDED ENTRY--PERSONAL NAME
Personal name Bruno, Norberto
700 1# - ADDED ENTRY--PERSONAL NAME
Personal name Sapetnitzky, Claudio E.
700 1# - ADDED ENTRY--PERSONAL NAME
Personal name Barboza, Guillermo E.
700 1# - ADDED ENTRY--PERSONAL NAME
Personal name Freijedo, Claudio Felipe
700 1# - ADDED ENTRY--PERSONAL NAME
Personal name Orban, Lazlo
856 41 - ELECTRONIC LOCATION AND ACCESS
Uniform Resource Identifier <a href="https://biblioeco.unsa.edu.ar/pmb/images/libros/Temas de Administracion Financiera segunda parte 2ed v2.jpg">https://biblioeco.unsa.edu.ar/pmb/images/libros/Temas de Administracion Financiera segunda parte 2ed v2.jpg</a>
Link text Imagen de portada
Electronic format type image/jpeg
942 ## - ADDED ENTRY ELEMENTS (KOHA)
Koha item type
Existencias
Withdrawn status Lost status Damaged status Not for loan Home library Current library Shelving location Date acquired Total checkouts Full call number Barcode Date last seen Price effective from Koha item type
        Biblioteca Prof. Eusebio Cleto del Rey Biblioteca Prof. Eusebio Cleto del Rey   07/04/2026   658.15 B297 v.2 2ed. L53725 07/04/2026 07/04/2026 Libro